000 00374nam a2200169Ia 4500
005 20250508160328.0
008 008 250505s9999 xx 000 0 hin d
037 _aPeriodicals
040 _aFEDL
_beng
_cFEDL
041 _ahin
_2eng
084 _qFEDL
245 0 _aShiksha. Vols
260 _c1958
490 _vVol 1
942 _cCR
999 _c1363718
_d1363718